Copyright Law Revision : hearings before the United States Senate Committee on the Judiciary, Subcommittee on Patents, Trademarks, and Copyrights, Eighty-Ninth Congress, second session and Ninetieth Congress, first session and Eighty-Ninth Congress, first session.

Index to hearings on copyright modifications considered by the 89th and 90th Congresses.

Bibliographic Details
Corporate Authors: United States. Congress. Senate. Committee on the Judiciary. Subcommittee on Patents, Trademarks, and Copyrights, ProQuest (Firm)
Format: eBook
Language:English
Published: Washington : U.S. G.P.O., 1968.
Series:U.S. Congressional Hearings.
Subjects:
Online Access:Connect to the full text of this electronic book

MARC

Tag First Indicator Second Indicator Subfields
LEADER 00000cam a22000001a 4500
001 in00003199821
006 m d f
007 cr bn mmmapmmp
008 090623s1968 dcu o f000 0 eng d
005 20260504170843.1
035 |a cis2007434332 
040 |a UMI  |c UMI  |d UtOrBLW 
043 |a n-us--- 
099 |a HRG-1968-SJS-0002 
110 1 |a United States.  |b Congress.  |b Senate.  |b Committee on the Judiciary.  |b Subcommittee on Patents, Trademarks, and Copyrights. 
245 1 0 |a Copyright Law Revision :  |b hearings before the United States Senate Committee on the Judiciary, Subcommittee on Patents, Trademarks, and Copyrights, Eighty-Ninth Congress, second session and Ninetieth Congress, first session and Eighty-Ninth Congress, first session. 
264 1 |a Washington :  |b U.S. G.P.O.,  |c 1968. 
300 |a 1 online resource. 
336 |a text  |b txt  |2 rdacontent 
337 |a computer  |b c  |2 rdamedia 
338 |a online resource  |b cr  |2 rdacarrier 
500 |a Record is based on bibliographic data in ProQuest Congressional Hearings Digital Collection. Reuse except for individual research requires license from ProQuest, LLC. 
520 |a Index to hearings on copyright modifications considered by the 89th and 90th Congresses. 
520 |a Considers (90) S. 597, (89) S. 1006. 
538 |a System requirements: PDF reader software. 
500 |a Electronic resource. 
650 0 |a Copyright  |z United States. 
655 7 |a Electronic books.  |2 local 
710 2 |a ProQuest (Firm) 
776 0 8 |i Print version:  |a United States. Congress. Senate. Committee on the Judiciary. Subcommittee on Patents, Trademarks, and Copyrights.  |t Copyright Law Revision 
776 0 8 |i Microfiche version:  |a United States. Congress. Senate. Committee on the Judiciary. Subcommittee on Patents, Trademarks, and Copyrights.  |t Copyright Law Revision.  |d [Bethesda, Md.] : ProQuest,[2004]  |o CIS Hrgs MF Gp 3--(89) S1932-1  |w (ProQuest)cis10803928 
830 0 |a U.S. Congressional Hearings. 
856 4 0 |u http://proxy.library.tamu.edu/login?url=https://congressional.proquest.com/congcomp/getdoc?HEARING-ID=HRG-1968-SJS-0002  |z Connect to the full text of this electronic book  |t 0 
998 |a cis10803928 
999 |a MARS 
999 f f |s 82cf43de-15d0-3c2d-88a3-7a61418816aa  |i 37de6a99-971f-31a6-a7b3-54c4f74d508e  |t 0 
952 f f |a Texas A&M University  |b College Station  |c Electronic Resources  |s www_evans  |d Available Online  |t 0  |e HRG-1968-SJS-0002  |h Other scheme 
998 f f |a HRG-1968-SJS-0002  |t 0  |l Available Online